000 00269nam a22001217a 4500
008 181019b xxu||||| |||| 00| 0 eng d
041 _aeng
080 _a579
100 _a11
101 _aMIC
245 _aAquatic Microbial Communities
_cJohn.C
942 _2udc
_cBK
999 _c50265
_d50265